000 00411nam a22001697a 4500
005 20160615151815.0
008 160615b xxu||||| |||| 00| 0 eng d
020 _a978-0-07-107775-0
041 _aeng
082 _b7825
100 _aKothari D.P. & Nagrath I.J.
_92017
245 _aModern Power System Analysis
260 _bTMH
_c2013
300 _a763
650 _aDIPLOMA ENGINEERING
_9817
942 _cBK
999 _c2814
_d2813